| 000 | 01253aam a2200337 i 4500 | ||
|---|---|---|---|
| 001 | 768714001 | ||
| 003 | CO-MdFUSB | ||
| 005 | 20211215145936.0 | ||
| 007 | ta | ||
| 008 | 211215t1997 ec a|||| |||| 00| 0 spa d | ||
| 020 | _a9978972002 | ||
| 040 |
_bspa. _aCO-MdFUSB _cCO-MdFUSB _dCO-MdFUSBC _erda |
||
| 041 |
_aspa _heng |
||
| 082 | 0 | 4 |
_a269.2 _223 _bE571m |
| 100 | 1 |
_aEngel, James F. _eespañol |
|
| 240 | _aGetting your message across | ||
| 245 | 1 | 0 |
_aTu mensaje ¡Llega! _b: principios de comunicación aplicados al compartir del Evangelio _c/ James F. Engel ; traducido por Ruth Padilla |
| 264 | 1 |
_aBarcelona, España : _bEdiciones Certeza, _c[1997] |
|
| 264 | 4 | _c© 1997 | |
| 300 |
_a141 páginas _c; 21 cm |
||
| 336 |
_atexto _btxt _2rdacontent |
||
| 337 |
_2rdamedia _asin mediación _bn |
||
| 338 |
_2rdacarrier _avolumen _bnc |
||
| 500 | _aTítulo original : Getting your message across | ||
| 505 | _a¿Qué es la comunicación? -- Parte I: El comunicador. -- Parte II: La audiencia. -- Parte III: El mensaje y los medios de comunicación. -- Parte IV: Uso efectivo. | ||
| 563 | _aRústico | ||
| 650 | 0 |
_91244 _aComunicación (Teología) |
|
| 700 |
_95987 _aPadilla, Ruth, _etraductor |
||
| 942 | _cBK | ||
| 945 | _aJTF-925 | ||
| 999 |
_c38465 _d38465 |
||